[Event "Indywidualne Mistrzostwa Polski Juniorow do lat 16 - Chlopcy"]
[Site "Szklarska Poreba"]
[Date "1899-12-30"]
[Round "6.1"]
[White "Baum, Jonasz"]
[Black "Niedbala, Bartlomiej"]
[Result "1-0"]
[WhiteTitle "FM"]
[BlackTitle "I++"]
[WhiteElo "2290"]
[BlackElo "2087"]

1. d4 Nf6 2. c4 e6 3. Nf3 b6 4. g3 Bb7 5. Bg2 Be7 6. O-O O-O 7. Nc3 Ne4 8. Bd2
Nxd2 9. Qxd2 d6 10. Qc2 Qc8 11. e4 Nd7 12. Rad1 c5 13. d5 e5 14. Bh3 Qd8 15. Nd2
Bf6 16. Qa4 Nb8 17. Qc2 Bc8 18. Bxc8 Qxc8 19. Kg2 Nd7 20. f4 exf4 21. gxf4 Re8
22. e5 dxe5 23. Nde4 Qb8 24. f5 Bd8 25. Rd3 f6 26. Kh1 Nf8 27. Rg3 a6 28. Rfg1
Ra7 29. Qg2 Qc7 30. d6 Qf7 31. Nd5 Rd7 32. Ne7+ Rexe7 33. dxe7 Qxe7 34. Qh3 Qf7
35. Qh6 Kh8 36. Rxg7 Qxg7 37. Rxg7 Rxg7 38. Nxf6 Rf7 39. Nh5 Kg8 40. Qd6 Bc7 41.
Qd5 Nd7 42. Qc6 Nf8 43. Nf6+ Kh8 44. Nd5 Bd8 45. Qe8 1-0

[Event "Indywidualne Mistrzostwa Polski Juniorow do lat 16 - Chlopcy"]
[Site "Szklarska Poreba"]
[Date "1899-12-30"]
[Round "6.2"]
[White "Czopor, Maciej"]
[Black "Mis, Mieszko"]
[Result "0-1"]
[WhiteTitle "k"]
[BlackTitle "FM"]
[WhiteElo "2229"]
[BlackElo "2272"]

1. e4 c6 2. d4 d5 3. Nc3 dxe4 4. Nxe4 Bf5 5. Ng3 Bg6 6. h4 h6 7. Nf3 Nd7 8. h5
Bh7 9. Bd3 Bxd3 10. Qxd3 e6 11. Bd2 Ngf6 12. O-O-O Be7 13. Kb1 c5 14. dxc5 Nxc5
15. Qb5+ Qd7 16. Qe2 Qc7 17. Qb5+ Qd7 18. Qe2 Qc7 19. Qb5+ Nfd7 20. Ba5 b6 21.
Bc3 O-O 22. Rhe1 Bf6 23. Bxf6 Nxf6 24. Qe2 Rac8 25. Rd4 a6 26. Red1 b5 27. Ne5
Nd5 28. Ng4 Na4 29. Qd2 f5 30. Nh2 b4 31. Nf3 Qa5 32. Qd3 Nac3+ 33. bxc3 Nxc3+
34. Kc1 Qxa2 35. Re1 b3 36. Kd2 b2 37. Ne2 Ne4+ 38. Ke3 b1=Q 39. Rxb1 Qxb1 40.
Ne5 f4+ 41. Kf3 Ng5+ 42. Kg4 Qxc2 43. Ng6 Qxd3 44. Rxd3 Rfd8 45. Ra3 Rc4 46. Nexf4
Nf7 47. Kg3 e5 48. Ne7+ Kh7 49. Nfg6 Nd6 50. Nxe5 Rc3+ 51. Rxc3 Ne4+ 52. Kh4 Nxc3
53. g4 a5 54. f4 Re8 55. N7c6 a4 56. g5 a3 57. g6+ Kg8 58. Nb4 a2 59. Nc2 Nd5
0-1

[Event "Indywidualne Mistrzostwa Polski Juniorow do lat 16 - Chlopcy"]
[Site "Szklarska Poreba"]
[Date "1899-12-30"]
[Round "6.3"]
[White "Pniaczek, Marek"]
[Black "Bachor, Tomasz"]
[Result "1-0"]
[WhiteTitle "CM"]
[BlackTitle "I+"]
[WhiteElo "2168"]
[BlackElo "2010"]

1. e4 c5 2. Nf3 g6 3. d4 cxd4 4. Qxd4 Nf6 5. c4 Nc6 6. Qe3 Bg7 7. h3 d6 8. Be2
O-O 9. O-O Nb4 10. Qd2 a5 11. Nc3 Bd7 12. Rd1 Bc6 13. a3 Na6 14. Qe3 Nd7 15. Nd4
Nac5 16. Rb1 a4 17. f3 Qa5 18. Kh1 Rfc8 19. Nd5 Bxd5 20. exd5 Bxd4 21. Qxd4 Nb3
22. Qe3 Ndc5 23. Bf1 Rc7 24. Qg5 Nxc1 25. Rbxc1 Nb3 26. Rc3 Kg7 27. Re1 e5 28.
f4 f6 29. Qg3 Nd4 30. fxe5 fxe5 31. Rxe5 Rf7 32. Re1 Nf5 33. Qf2 Raf8 34. Bd3
Qc7 35. Bxf5 Rxf5 36. Qd4+ Kg8 37. Rce3 R5f7 38. Kh2 Qd8 39. Re6 b6 40. R1e4 g5
41. Qe3 Rf4 42. Re7 Qc8 43. Rxf4 gxf4 44. Qd4 Rf7 45. Rxf7 Kxf7 46. Qxf4+ Kg7
47. Qd4+ Kf7 48. Qxb6 Qxc4 49. Qxd6 Qd4 50. Qe6+ Kf8 51. Qf5+ Ke8 52. Qc8+ Ke7
53. Qc7+ Ke8 54. Qd6 Kf7 55. Qe6+ Kf8 56. Qf5+ Ke8 57. Qc8+ Ke7 58. Qb7+ Ke8 59.
Qc6+ Ke7 60. Qc3 Qxd5 61. g4 Qd6+ 62. Kg2 Qd5+ 63. Kf2 Kd7 64. Ke3 Qg5+ 65. Kd3
Qg6+ 66. Kc4 h5 67. Qd3+ 1-0

[Event "Indywidualne Mistrzostwa Polski Juniorow do lat 16 - Chlopcy"]
[Site "Szklarska Poreba"]
[Date "1899-12-30"]
[Round "6.4"]
[White "Suder, Jakub"]
[Black "Skurniak, Szymon"]
[Result "1/2-1/2"]
[WhiteTitle "I++"]
[BlackTitle "I"]
[WhiteElo "1868"]
[BlackElo "1970"]

1. d4 d5 2. c4 dxc4 3. e3 Nf6 4. Bxc4 e6 5. Nf3 c5 6. O-O a6 7. dxc5 Qxd1 8. Rxd1
Bxc5 9. a3 b5 10. Be2 Nbd7 11. b4 Be7 12. Bb2 O-O 13. Nbd2 Bb7 14. Rac1 Rac8 15.
Nb3 Bd5 16. Na5 Nb8 17. Ne5 Rxc1 18. Rxc1 Bd6 19. Nec6 Nfd7 20. f3 Nxc6 21. Nxc6
Nb8 22. Na5 f5 23. Rd1 Bc7 24. Bd4 Rc8 25. Bd3 Nc6 26. Nxc6 Bxc6 27. f4 Bb7 28.
Rc1 Bd6 29. Rxc8+ Bxc8 30. g3 g6 1/2-1/2

[Event "Indywidualne Mistrzostwa Polski Juniorow do lat 16 - Chlopcy"]
[Site "Szklarska Poreba"]
[Date "1899-12-30"]
[Round "6.5"]
[White "Sanz Wawer, Daniel"]
[Black "Teclaf, Pawel"]
[Result "0-1"]
[WhiteTitle "k"]
[BlackTitle "CM"]
[WhiteElo "2146"]
[BlackElo "2460"]

1. e4 c5 2. Nf3 e6 3. d4 cxd4 4. Nxd4 a6 5. Nc3 d6 6. Be3 Nf6 7. Bd3 b5 8. a3 Nbd7
9. O-O Bb7 10. f4 g6 11. Qf3 Bg7 12. Rae1 O-O 13. Kh1 Nc5 14. b4 Ncd7 15. Nb3
Rc8 16. Bd2 Ba8 17. Qh3 Qc7 18. Nd1 Rfe8 19. Nf2 e5 20. f5 d5 21. c3 Qd6 22. Qe3
dxe4 23. Nxe4 Bxe4 24. Bxe4 Nb6 25. Rd1 Nc4 26. Qe2 Nxe4 27. Qxe4 Qc6 28. Qxc6
Rxc6 29. fxg6 hxg6 30. Bc1 e4 31. Nd4 Rd6 32. Bf4 Rd5 33. Ne2 Red8 34. Rxd5 Rxd5
35. h4 e3 36. Kh2 Rd2 37. Re1 Rd3 38. Kg3 Bxc3 39. Nxc3 Rxc3 40. Ra1 Nxa3 41.
Kf3 Rb3 42. Be5 f5 43. Bd6 Nc2 0-1

[Event "Indywidualne Mistrzostwa Polski Juniorow do lat 16 - Chlopcy"]
[Site "Szklarska Poreba"]
[Date "1899-12-30"]
[Round "6.6"]
[White "Panek, Bartosz"]
[Black "Redzisz, Michal"]
[Result "0-1"]
[WhiteTitle "I"]
[BlackTitle "k"]
[WhiteElo "1946"]
[BlackElo "2117"]

1. d4 d5 2. c4 c6 3. Nc3 Nf6 4. cxd5 Nxd5 5. e4 Nxc3 6. bxc3 g6 7. Nf3 Bg7 8. Be3
O-O 9. Rc1 Nd7 10. Bc4 b5 11. Bb3 Bb7 12. a4 a6 13. O-O c5 14. dxc5 Bxe4 15. Qe2
Qc7 16. Ng5 Bc6 17. Qa2 e6 18. a5 h6 19. Nh3 Nf6 20. f3 Nd5 21. Bd4 Rad8 22. Rfd1
Be5 23. Bxe5 Qxe5 24. Re1 Qf6 25. Qa1 Nf4 26. Nxf4 Qxf4 27. Rcd1 Qg5 28. Qc1 Qxc5+
29. Kh1 Kh7 30. c4 b4 31. Qf4 Qxa5 32. Rxd8 Qxd8 33. Rd1 Qe7 34. Ra1 Bb7 35. h4
e5 36. Qg4 Rd8 37. Rd1 Rxd1+ 38. Bxd1 e4 39. h5 exf3 40. hxg6+ fxg6 41. Bxf3 Bxf3
42. Qxf3 Qh4+ 43. Kg1 Qxc4 44. Qb7+ Kg8 45. Qb8+ Kf7 46. Qb7+ Kf6 47. Qf3+ Ke5
48. Qg3+ Kd5 49. Qxg6 b3 50. Qh5+ Ke4 51. Qf3+ Kd4 52. Qf2+ Kc3 53. Qe1+ Kc2 54.
Qf2+ Kb1 55. Qf5+ Kc1 56. Qf8 b2 57. Qxh6+ Kc2 58. Qg6+ Qd3 59. Qc6+ Kd2 0-1

[Event "Indywidualne Mistrzostwa Polski Juniorow do lat 16 - Chlopcy"]
[Site "Szklarska Poreba"]
[Date "1899-12-30"]
[Round "6.7"]
[White "Fiedorek, Michal"]
[Black "Dalkowski, Rafal"]
[Result "1-0"]
[WhiteTitle "k"]
[BlackTitle "II"]
[WhiteElo "2049"]
[BlackElo "1607"]

1. e4 c6 2. d4 d5 3. Nc3 dxe4 4. Nxe4 Bf5 5. Ng3 Bg6 6. h4 h6 7. Nh3 e5 8. dxe5
Qxd1+ 9. Kxd1 Nd7 10. f4 O-O-O 11. Bd2 Bc5 12. h5 Bh7 13. Bd3 Nb6 14. Ke2 Bxd3+
15. cxd3 Kc7 16. Ne4 Be7 17. f5 Nd5 18. Nf4 Bg5 19. Nxd5+ Rxd5 20. Bc3 f6 21.
d4 Ne7 22. g4 b6 23. Rae1 Rdd8 24. exf6 Bxf6 25. Nxf6 gxf6 26. Kf3 Nd5 27. Re6
Rde8 28. Rhe1 Rxe6 29. Rxe6 Kd7 30. Be1 Rc8 31. Bg3 b5 32. a3 a5 33. b3 a4 34.
bxa4 bxa4 35. Bh2 Kd8 36. Bf4 Kd7 37. Bg3 Kd8 38. Ke4 Kd7 39. Bf4 Rg8 40. Rd6+
Ke7 41. Re6+ Kf7 42. Rxc6 Rxg4 43. Kxd5 Rxf4 44. Rc7+ Kg8 45. Ke6 Rxd4 46. Ra7
Rc4 47. Kxf6 Rd4 48. Ra8+ Kh7 49. Ke7 Re4+ 50. Kf7 Rh4 51. f6 Rf4 52. Ra6 Re4
53. Kf8 Rf4 54. Ke7 Kg8 55. Ra8+ Kh7 56. Ra7 Kg8 57. Rxa4 Rxa4 58. f7+ Kh7 59.
f8=Q Rxa3 60. Qf7+ Kh8 61. Qf6+ Kh7 62. Qg6+ Kh8 63. Qxh6+ Kg8 64. Qg5+ 1-0

[Event "Indywidualne Mistrzostwa Polski Juniorow do lat 16 - Chlopcy"]
[Site "Szklarska Poreba"]
[Date "1899-12-30"]
[Round "6.8"]
[White "Koziorowicz, Michal"]
[Black "Warchol, Bartosz"]
[Result "0-1"]
[WhiteTitle "I++"]
[BlackTitle "I++"]
[WhiteElo "1919"]
[BlackElo "2033"]

1. e4 c5 2. Nf3 d6 3. d4 cxd4 4. Nxd4 Nf6 5. Nc3 a6 6. f3 e5 7. Nb3 Be7 8. Be3
Be6 9. Qd2 O-O 10. O-O-O a5 11. Kb1 a4 12. Nc1 a3 13. b3 Ra5 14. g4 d5 15. g5
d4 16. gxf6 Bxf6 17. Nd5 Bxd5 18. exd5 dxe3 19. Qxe3 Rxd5 20. Bd3 g6 21. h4 Qa5
22. Bc4 Rxd1 23. Rxd1 Rd8 24. Rxd8+ Qxd8 25. Qa7 Nc6 26. Qxb7 Ne7 27. Qe4 Nf5
28. h5 Nd6 29. Qd5 Nxc4 30. Qxc4 gxh5 31. Nd3 Qb6 32. Qc5 Qxc5 33. Nxc5 h4 34.
Ne4 Kg7 35. Nf2 Kg6 36. c4 Kf5 37. Nh3 e4 38. c5 exf3 39. Kc2 Bd8 40. Kd2 Kg4
41. Nf2+ Kg3 42. Ke1 Kg2 43. b4 h3 44. Ng4 h2 45. Nxh2 Bh4+ 46. Kd2 Kxh2 47. c6
Bd8 48. Ke1 Kg2 0-1

[Event "Indywidualne Mistrzostwa Polski Juniorow do lat 16 - Chlopcy"]
[Site "Szklarska Poreba"]
[Date "1899-12-30"]
[Round "6.9"]
[White "Piekielny, Pawel"]
[Black "Kulesza, Andrzej"]
[Result "0-1"]
[WhiteTitle "I++"]
[BlackTitle "I+"]
[WhiteElo "2017"]
[BlackElo "1913"]

1. e4 c5 2. Nf3 d6 3. d4 cxd4 4. Nxd4 Nf6 5. Nc3 a6 6. Bg5 e6 7. f4 h6 8. Bh4 Qb6
9. a3 Nbd7 10. Be2 Be7 11. Bf2 Qc7 12. Bf3 Rb8 13. O-O b5 14. e5 dxe5 15. Nc6
exf4 16. Nxb8 Qxb8 17. a4 b4 18. Ne4 O-O 19. Nxf6+ Bxf6 20. Rb1 Ne5 21. Be4 a5
22. Bd4 Rd8 23. c3 Ng6 24. Qc2 e5 25. Bf2 b3 26. Qc1 Bb7 27. Re1 Qa8 28. Bxb7
Qxb7 29. Rd1 Re8 30. Qd2 e4 31. Qd5 Qc8 32. c4 e3 33. Be1 Re5 34. Qf3 Qxc4 35.
Bc3 Rg5 36. Bxf6 gxf6 37. Rbc1 Qe6 38. Rc6 Qf5 39. Rd8+ Kh7 40. Rcc8 Qb1+ 41.
Qf1 Qe4 42. Re8 Qf5 43. Kh1 Qg4 44. h3 Qg3 45. Red8 Qf2 46. Qxf2 exf2 47. Rc1
Re5 48. Rf1 Re2 49. Kh2 Rxb2 50. g3 Rc2 51. Kg2 b2 52. Rb8 fxg3 53. Kxg3 Ne5 54.
Rxf2 Rxf2 55. Kxf2 Nd3+ 56. Kg1 0-1

[Event "Indywidualne Mistrzostwa Polski Juniorow do lat 16 - Chlopcy"]
[Site "Szklarska Poreba"]
[Date "1899-12-30"]
[Round "6.10"]
[White "Trybus, Daniel"]
[Black "Gorkiewicz, Mateusz"]
[Result "1-0"]
[WhiteTitle "I+"]
[BlackTitle "I"]
[WhiteElo "1914"]
[BlackElo "1990"]

1. d4 d5 2. c4 e6 3. Nc3 Nf6 4. cxd5 exd5 5. Bg5 Be7 6. e3 O-O 7. Bd3 Nbd7 8. Nge2
Re8 9. Qc2 Nf8 10. O-O Be6 11. Rab1 a6 12. Nf4 Rc8 13. Na4 N6d7 14. Nxe6 fxe6
15. Bxe7 Qxe7 16. b4 c6 17. Nc5 Rc7 18. f4 Qh4 19. Rf3 h6 20. Rh3 Qf6 21. Qe2
Nb6 22. a4 Ra8 23. Rf1 Re7 24. Qh5 Qf7 25. Qh4 Nc8 26. g4 Ng6 27. Qg3 a5 28. f5
exf5 29. gxf5 Nf8 30. f6 Re8 31. Rxh6 b6 32. Bg6 Nxg6 33. Rxg6 Rxe3 34. Rxg7+
1-0

[Event "Indywidualne Mistrzostwa Polski Juniorow do lat 16 - Chlopcy"]
[Site "Szklarska Poreba"]
[Date "1899-12-30"]
[Round "6.11"]
[White "Golecki, Jan"]
[Black "Lichorad, Mateusz"]
[Result "0-1"]
[WhiteTitle "I++"]
[BlackTitle "I"]
[WhiteElo "1995"]
[BlackElo "1752"]

1. e4 c5 2. Nf3 Nc6 3. d4 cxd4 4. Nxd4 e6 5. Nc3 Qc7 6. Be2 a6 7. Be3 Nf6 8. O-O
Be7 9. f4 d6 10. Qe1 Nxd4 11. Bxd4 O-O 12. Qg3 b5 13. a3 Bb7 14. Bd3 d5 15. exd5
Bc5 16. Bxc5 Qxc5+ 17. Kh1 exd5 18. Rae1 Rae8 19. Re5 Rxe5 20. fxe5 Ne4 21. Qh4
Qd4 22. Qf4 g5 23. Qf5 Bc8 24. Qf3 f5 25. exf6 Rxf6 26. Bxe4 Rxf3 27. Bxf3 Be6
28. Be2 Qe5 29. Bd3 Kg7 30. h3 h5 31. Rf2 g4 32. Re2 Qf6 33. Kh2 gxh3 34. gxh3
Qf4+ 35. Kg2 h4 36. Nd1 Qg3+ 37. Kh1 Bxh3 38. Ne3 Qf3+ 39. Kg1 d4 40. Ng2 Qg3
41. Be4 Bg4 42. Rf2 h3 43. Kh1 Qxf2 0-1

[Event "Indywidualne Mistrzostwa Polski Juniorow do lat 16 - Chlopcy"]
[Site "Szklarska Poreba"]
[Date "1899-12-30"]
[Round "6.12"]
[White "Zabron, Maksym"]
[Black "Golenia, Wojciech"]
[Result "0-1"]
[WhiteTitle "I"]
[BlackTitle "k"]
[WhiteElo "1678"]
[BlackElo "2179"]

1. e4 e6 2. d3 d5 3. Nd2 c5 4. Ngf3 Nc6 5. g3 g5 6. h3 h6 7. Bg2 Bg7 8. O-O Nge7
9. Nh2 e5 10. c3 Be6 11. exd5 Bxd5 12. Ne4 b6 13. Qa4 O-O 14. c4 Be6 15. g4 Nd4
16. Nc3 Bd7 17. Qd1 Bc6 18. Nf3 Ne6 19. Re1 Qc7 20. Nb5 Bxb5 21. cxb5 Ng6 22.
Qb3 Ngf4 23. Bxf4 Nxf4 24. Re3 Kh8 25. Rae1 Rae8 26. Qc4 f5 27. d4 e4 28. gxf5
Nxg2 29. Kxg2 exf3+ 30. Kxf3 Rxf5+ 31. Kg2 Ref8 0-1

[Event "Indywidualne Mistrzostwa Polski Juniorow do lat 16 - Chlopcy"]
[Site "Szklarska Poreba"]
[Date "1899-12-30"]
[Round "6.13"]
[White "Szczurek, Krzysztof"]
[Black "Distel, Pawel"]
[Result "1/2-1/2"]
[WhiteTitle "FM"]
[BlackTitle "I"]
[WhiteElo "2164"]
[BlackElo "1751"]

1. d4 Nf6 2. Nc3 d6 3. e4 g6 4. Nf3 c6 5. Be3 Nbd7 6. Bc4 b5 7. Bd3 e5 8. a3 Bb7
9. O-O a6 10. Re1 Bg7 11. dxe5 dxe5 12. b4 O-O 13. Nd2 Re8 14. Nb3 Bf8 15. Qf3
Kg7 16. Rac1 c5 17. bxc5 Qc7 18. Qh3 Nxc5 19. Qh4 Ncd7 20. Nb1 Re6 21. c4 bxc4
22. Rxc4 Rc6 23. Rxc6 Bxc6 24. Bh6+ Kg8 25. Bxf8 Kxf8 26. Qh6+ Kg8 27. Qe3 Ba4
28. Rc1 Qd6 29. Na5 Ng4 30. Nc4 Qe6 31. Qf3 Nc5 32. Be2 Nf6 33. Nb2 Nfd7 34. Bc4
Qe7 35. Nxa4 Nxa4 36. h3 Kg7 37. Nd2 Nac5 38. Qe3 Rb8 39. Rb1 Rxb1+ 40. Nxb1 Qd6
41. Bd5 Nb6 1/2-1/2

[Event "Indywidualne Mistrzostwa Polski Juniorow do lat 16 - Chlopcy"]
[Site "Szklarska Poreba"]
[Date "1899-12-30"]
[Round "6.14"]
[White "Dixa, Oskar"]
[Black "Kozlowski, Michal"]
[Result "1-0"]
[WhiteTitle "k"]
[BlackTitle "I+"]
[WhiteElo "2101"]
[BlackElo "1826"]

1. e4 c5 2. Nf3 Nc6 3. d4 cxd4 4. Nxd4 e5 5. Nb5 d6 6. c4 a6 7. N5c3 Be7 8. Na3
f5 9. exf5 Bxf5 10. Bd3 Be6 11. Nc2 Nf6 12. O-O Rc8 13. b3 O-O 14. Ne3 Nd4 15.
Bb2 Nd7 16. Ncd5 Nc5 17. Bb1 Nf5 18. Nxf5 Bxf5 19. Bxf5 Rxf5 20. Qg4 g6 21. Rad1
Qf8 22. f4 exf4 23. Rxf4 Rxf4 24. Qxc8 Bg5 25. Qh3 Rf5 26. Re1 Ne4 27. Qd3 Nd2
28. Bc3 Rf2 29. Rd1 Rf5 30. Bxd2 Bd8 31. Rf1 Rxf1+ 32. Qxf1 Qg7 33. Bc3 Bb6+ 34.
Kh1 Bd4 35. Nf6+ Bxf6 36. Qxf6 1-0

[Event "Indywidualne Mistrzostwa Polski Juniorow do lat 16 - Chlopcy"]
[Site "Szklarska Poreba"]
[Date "1899-12-30"]
[Round "6.15"]
[White "Ossolinski, Ziemowit"]
[Black "Jankowski, Igor"]
[Result "1/2-1/2"]
[WhiteTitle "I+"]
[BlackTitle "II+"]
[WhiteElo "1946"]
[BlackElo "1503"]

1. e4 e6 2. d4 d5 3. Nc3 Bb4 4. e5 c5 5. Bd2 a6 6. Qg4 Kf8 7. a3 Bxc3 8. Bxc3 Nh6
9. Qh3 b6 10. Nf3 Nc6 11. Bd3 Nf5 12. Bxf5 exf5 13. Qg3 h6 14. h4 Be6 15. h5 Rg8
16. Qf4 Ke8 17. O-O Kd7 18. dxc5 bxc5 19. b4 g5 20. hxg6 Rxg6 21. Rfd1 Qe7 22.
Be1 Rag8 23. g3 h5 24. c4 Rg4 25. Qc1 d4 26. bxc5 h4 27. Qb2 Qxc5 28. Qb7+ Ke8
29. Qa8+ Kd7 30. Qb7+ Ke8 31. Qa8+ 1/2-1/2

[Event "Indywidualne Mistrzostwa Polski Juniorow do lat 16 - Chlopcy"]
[Site "Szklarska Poreba"]
[Date "1899-12-30"]
[Round "6.16"]
[White "Strzelecki, Maciej"]
[Black "Cisek, Kamil"]
[Result "0-1"]
[WhiteTitle "k"]
[BlackTitle "I"]
[WhiteElo "2032"]
[BlackElo "1766"]

1. e4 e5 2. Nf3 Nc6 3. Bb5 a6 4. Ba4 Nf6 5. O-O Be7 6. Re1 b5 7. Bb3 O-O 8. a4
Bb7 9. d3 d6 10. Bd2 Nb8 11. Nc3 c6 12. Ne2 Nbd7 13. axb5 axb5 14. Rxa8 Bxa8 15.
Ng3 g6 16. c3 Re8 17. d4 c5 18. Bg5 Qc7 19. Qd2 Bf8 20. d5 c4 21. Bc2 Bb7 22.
Bh6 Qd8 23. Bxf8 Nxf8 24. h3 N6d7 25. Ng5 f6 26. Nf3 Nc5 27. Qh6 Qe7 28. Nh2 Ra8
29. Rf1 Bc8 30. f4 Ra2 31. f5 Rxb2 32. Bb1 Nb3 33. Rd1 Qa7+ 34. Kh1 Qf2 35. Rg1
Qxg3 36. Ng4 Kf7 37. Nxf6 Qf4 38. fxg6+ hxg6 39. Qxf4 exf4 40. e5 Nd2 41. Ne4
Nxe4 42. Bxe4 dxe5 43. Ra1 Bf5 44. Ra7+ Kf6 45. Bxf5 gxf5 0-1

[Event "Indywidualne Mistrzostwa Polski Juniorow do lat 16 - Chlopcy"]
[Site "Szklarska Poreba"]
[Date "1899-12-30"]
[Round "6.17"]
[White "Czechowski, Jakub"]
[Black "Oborski, Artur"]
[Result "0-1"]
[WhiteTitle "I"]
[BlackTitle "I++"]
[WhiteElo "1865"]
[BlackElo "2023"]

1. d4 Nf6 2. c4 g6 3. Nc3 d5 4. cxd5 Nxd5 5. Bd2 Bg7 6. e4 Nxc3 7. Bxc3 c5 8. d5
Bxc3+ 9. bxc3 O-O 10. Qd2 Nd7 11. Be2 Nf6 12. f3 Qd6 13. Rd1 Qe5 14. Qe3 b6 15.
g4 e6 16. d6 Nd5 17. Qd2 Nxc3 18. Qb2 Qg7 19. Rd3 Nxe2 20. Qxe2 Ba6 0-1

[Event "Indywidualne Mistrzostwa Polski Juniorow do lat 16 - Chlopcy"]
[Site "Szklarska Poreba"]
[Date "1899-12-30"]
[Round "6.18"]
[White "Mike, Patryk"]
[Black "Kopec, Norbert"]
[Result "1-0"]
[WhiteTitle "I+"]
[BlackTitle "I"]
[WhiteElo "1942"]
[BlackElo "1826"]

1. e4 c5 2. Nf3 d6 3. d4 cxd4 4. Qxd4 Bd7 5. c4 Nc6 6. Qe3 Nf6 7. Nc3 g6 8. Be2
Bg4 9. O-O Bg7 10. Rb1 O-O 11. b3 Nd7 12. Bb2 Bxf3 13. Bxf3 Nc5 14. Nd5 Bxb2 15.
Rxb2 e6 16. Nc3 e5 17. g3 Ne6 18. Bg2 Qa5 19. Nd5 Kg7 20. b4 Qd8 21. f4 Nc7 22.
Nc3 Nd4 23. Rd2 a5 24. b5 Rc8 25. Bh3 Rb8 26. Rfd1 Qe7 27. b6 Na6 28. Nd5 Qe8
29. fxe5 dxe5 30. Rf2 Qc6 31. Rdf1 Nb4 32. Rf6 Nxd5 33. exd5 Qxf6 34. Rxf6 Kxf6
35. c5 Rfe8 36. Bd7 Re7 37. c6 bxc6 38. dxc6 Rxb6 39. c7 Rb1+ 40. Kg2 Rb2+ 41.
Kh3 Ne6 42. c8=Q Ng5+ 43. Qxg5+ Kxg5 44. Qc1+ Kf6 45. Qxb2 Rxd7 46. Qb6+ Kf5 47.
Qxa5 g5 48. Qb4 h5 49. g4+ Ke6 50. gxh5 f5 51. Qc4+ Ke7 52. h6 e4 53. h7 g4+ 1-0

[Event "Indywidualne Mistrzostwa Polski Juniorow do lat 16 - Chlopcy"]
[Site "Szklarska Poreba"]
[Date "1899-12-30"]
[Round "6.19"]
[White "Maciejewski, Kamil"]
[Black "Bujalski, Mateusz"]
[Result "0-1"]
[WhiteTitle "I"]
[BlackTitle "I"]
[WhiteElo "1930"]
[BlackElo "1658"]

1. Nf3 d5 2. g3 Nf6 3. Bg2 c6 4. O-O Nbd7 5. d4 e6 6. b3 Bd6 7. Bb2 O-O 8. c4 b6
9. Nbd2 a5 10. a3 Ba6 11. Qc2 Rc8 12. b4 c5 13. dxc5 bxc5 14. b5 Bb7 15. a4 Nb6
16. Ng5 Nbd7 17. Bc3 h6 18. Nh3 Ba8 19. Nb3 Bc7 20. Qd2 dxc4 21. Bxa8 Rxa8 22.
Bxf6 Nxf6 23. Qxd8 Rfxd8 24. Nxc5 Bb6 25. Na6 Ne4 26. Rac1 g5 27. Kg2 Rac8 28.
f3 Nd2 29. Rfd1 c3 30. Rc2 Nc4 31. Rxd8+ Rxd8 32. Rxc3 Ne3+ 33. Kh1 Rd1+ 34. Ng1
Ng4 35. Nc5 Ne3 36. Nd3 Nc2 37. Nc5 Nd4 38. Kg2 Rxg1+ 39. Kxg1 Nxe2+ 40. Kf1 Nxc3
41. Nd7 Nxa4 42. Ke2 f5 43. Kd2 Kf7 44. Ne5+ Kf6 45. Nc4 Bc7 46. Kd3 e5 47. Ne3
Nb6 48. g4 f4 49. Nf5 h5 50. Nh6 h4 51. Ng8+ Kf7 52. Nh6+ Kg6 53. Nf5 Kf6 54.
Kc3 Nd5+ 55. Kb3 Ne3 56. Nh6 Kg7 0-1

[Event "Indywidualne Mistrzostwa Polski Juniorow do lat 16 - Chlopcy"]
[Site "Szklarska Poreba"]
[Date "1899-12-30"]
[Round "6.20"]
[White "Kania, Dominik"]
[Black "Derylo, Kamil"]
[Result "1-0"]
[WhiteTitle "I"]
[BlackTitle "I"]
[WhiteElo "1759"]
[BlackElo "1783"]

1. e4 d6 2. d4 Nf6 3. Nc3 Nbd7 4. Nf3 e5 5. Be2 Be7 6. O-O O-O 7. Re1 c6 8. a4
Qc7 9. h3 b6 10. b3 Bb7 11. Ba3 Rfe8 12. dxe5 dxe5 13. Bxe7 Rxe7 14. Qc1 a6 15.
Qe3 b5 16. Rad1 Rae8 17. Nh2 Nf8 18. Ng4 Nxg4 19. Bxg4 Bc8 20. Bxc8 Rxc8 21. Rd2
b4 22. Ne2 Ne6 23. Red1 c5 24. Qd3 a5 25. c3 g6 26. Qc4 Rd8 27. Rxd8+ Nxd8 28.
cxb4 axb4 29. Rd5 Ne6 30. Nc1 Rd7 31. Nd3 Kg7 32. Nxc5 Nxc5 33. Rxc5 Rd1+ 34.
Kh2 Qe7 35. Rd5 Re1 36. Qd3 Qh4 37. g3 Qxe4 38. Qxe4 Rxe4 39. Rb5 Kf6 40. a5 Rd4
41. a6 Rd6 42. a7 Ra6 43. Rb6+ 1-0

[Event "Indywidualne Mistrzostwa Polski Juniorow do lat 16 - Chlopcy"]
[Site "Szklarska Poreba"]
[Date "1899-12-30"]
[Round "6.21"]
[White "Musial, Tomasz"]
[Black "Bartoszewski-reiski, Olaf"]
[Result "1/2-1/2"]
[WhiteTitle "k"]
[BlackTitle "I+"]
[WhiteElo "1983"]
[BlackElo "1707"]

1. d4 Nf6 2. c4 c5 3. d5 e6 4. Nc3 exd5 5. cxd5 d6 6. g3 g6 7. Bg2 Bg7 8. Nf3 a6
9. a4 O-O 10. O-O Re8 11. Re1 h6 12. e4 Bg4 13. h3 Bxf3 14. Bxf3 Nbd7 15. Bg2
Rb8 16. a5 c4 17. Be3 Rc8 18. Na4 Qe7 19. Nb6 Nxb6 20. Bxb6 Nd7 21. Bd4 Ne5 22.
Re2 Nd3 23. Bxg7 Kxg7 24. b3 Ne5 25. f4 Nd7 26. bxc4 Rxc4 27. Qb3 Rc7 28. Rae1
f6 29. Qb4 Kh7 30. h4 Nc5 31. Qb6 Na4 32. Qd4 Nc3 33. Re3 Nb5 34. Qb2 Qg7 35.
Bh3 g5 36. hxg5 hxg5 37. Be6 gxf4 38. Qh2+ Qh6 39. gxf4 Qxh2+ 40. Kxh2 Kg7 41.
Rh3 Kf8 42. Rg1 Ke7 43. Rh7+ Kd8 44. Rgg7 Rxg7 45. Rxg7 Re7 46. Rg8+ Re8 47. Rxe8+
Kxe8 48. Bc8 Nd4 49. Bxb7 Nb3 50. Bxa6 Nxa5 51. Kg3 Nb3 52. Kf3 Ke7 53. Ke3 Nc5
54. Bc4 Nd7 55. Kd4 Nb6 56. Be2 Nd7 57. Bg4 Nb6 58. Kc3 Na4+ 59. Kc4 Kd8 60. Bf3
Kc7 61. Kb5 Nb6 62. Bg4 Kb7 63. Be6 Kc7 64. Bh3 Kb7 65. Bf5 Kc7 66. Be6 Kb7 67.
Kb4 Kc7 68. Kc3 Kd8 69. Kd4 Ke7 70. Bg4 Kd8 71. Bd1 Ke7 72. Bb3 Kd8 73. Ke3 Ke7
74. Kf3 Kd8 75. Kg4 Ke7 76. Kf5 Nd7 77. Kg6 Nf8+ 78. Kg7 Nd7 79. Ba4 Nc5 80. Bc2
Nd7 81. Kg6 1/2-1/2

[Event "Indywidualne Mistrzostwa Polski Juniorow do lat 16 - Chlopcy"]
[Site "Szklarska Poreba"]
[Date "1899-12-30"]
[Round "6.22"]
[White "Kucharski, Bartlomiej"]
[Black "Pelka, Michal"]
[Result "1/2-1/2"]
[WhiteTitle "I+"]
[BlackTitle "I"]
[WhiteElo "1945"]
[BlackElo "1745"]

1. e4 c6 2. d4 d5 3. exd5 cxd5 4. Bd3 Nc6 5. c3 e6 6. Bf4 Bd6 7. Bg3 Nf6 8. Nf3
Qc7 9. Nbd2 O-O 10. O-O e5 11. dxe5 Nxe5 12. Nxe5 Bxe5 13. Bxe5 Qxe5 14. Nf3 Qc7
15. h3 Bd7 16. Nd4 Rfe8 17. Qb3 Re5 18. Rae1 Rae8 19. Rxe5 Rxe5 20. Rd1 Qc8 21.
Bf1 Bc6 22. Qa3 Qb8 23. Qc5 Bd7 24. Nf3 Re4 25. Rd4 b6 26. Qa3 h6 27. Bd3 Re8
28. Qb3 b5 29. Qd1 Qc7 30. Bc2 Bc6 31. Bb3 Re6 32. Rd3 Qe7 33. Kf1 Qc5 34. Nd4
Ne4 35. Rf3 Re5 36. a3 Bd7 37. Ne2 Nf6 38. Nf4 Bf5 39. Qd4 Qe7 40. Re3 Rxe3 41.
fxe3 Be4 42. Kf2 Qd7 43. Qe5 Qd8 44. Ne2 Bd3 45. Ng3 Qd7 46. Bd1 a6 47. Bf3 Qe6
48. Qxe6 fxe6 49. Be2 Bc2 50. Ke1 Kf7 51. Kd2 Bb3 52. Bd3 Ke7 53. e4 Kd6 54. Ke3
Ke5 55. Bb1 Bd1 56. Bd3 Bb3 57. Bb1 Bd1 58. Bd3 1/2-1/2

[Event "Indywidualne Mistrzostwa Polski Juniorow do lat 16 - Chlopcy"]
[Site "Szklarska Poreba"]
[Date "1899-12-30"]
[Round "6.23"]
[White "Jedrusik, Adam"]
[Black "Chaczynski, Kamil"]
[Result "0-1"]
[WhiteTitle "I"]
[BlackTitle "I"]
[WhiteElo "1693"]
[BlackElo "1773"]

1. d4 Nf6 2. Bg5 g6 3. Nd2 Bg7 4. Ngf3 O-O 5. e3 d6 6. Bd3 Nbd7 7. c3 h6 8. Bh4
e5 9. Qc2 Qe8 10. Bxf6 Bxf6 11. O-O-O Bg7 12. dxe5 dxe5 13. Bc4 Nb6 14. Bb3 a5
15. a3 a4 16. Ba2 Bf5 17. e4 Be6 18. Bxe6 Qxe6 19. Nf1 Nc4 20. N3d2 Rfd8 21. Nxc4
Rxd1+ 22. Qxd1 Qxc4 23. Ng3 Bf6 24. Qd5 Qa6 25. h4 Rd8 26. Qc5 Qd3 27. Qe3 Qxe3+
28. fxe3 Rd3 29. Nf1 Kf8 30. Kc2 Rd8 31. Nd2 Ke7 32. Nf3 Ke6 33. Rd1 Rg8 34. g4
c6 35. c4 h5 36. g5 Be7 37. Rg1 b5 38. cxb5 cxb5 39. Kd3 b4 40. axb4 Rb8 41. Rc1
Rxb4 42. Rc2 Kd6 43. Rd2 Ke6 44. Rc2 Rb3+ 45. Ke2 Rb6 46. Kf2 Rb4 47. Nd2 f6 48.
gxf6 Bxf6 49. Kg3 g5 50. hxg5 Bxg5 51. Rc4 Rxb2 52. Nf3 Bxe3 53. Rxa4 Bf4+ 54.
Kh4 Rf2 55. Ng5+ Kd6 56. Ra6+ Kc5 57. Nh3 Rh2 58. Ra3 Kd4 59. Kxh5 Kxe4 60. Kg4
Rg2+ 61. Kh4 Be3 62. Ra4+ Kf3 63. Ra3 e4 64. Ra4 Rg8 65. Ng5+ Bxg5+ 66. Kh5 Bd2
0-1